|
|
|
|
| LEADER |
00000nam a2200000 i 4500 |
| 001 |
1/27941 |
| 008 |
960229s1974 eng d |
| 020 |
|
|
|a 0140218025
|c Ή0.45
|
| 035 |
|
|
|l 10022950
|
| 040 |
|
|
|a GR-MY-UA
|b gre
|e aacr
|
| 041 |
0 |
|
|a eng
|
| 082 |
0 |
|
|a 301.21
|
| 100 |
1 |
|
|a Trudgill, Peter.
|
| 245 |
1 |
0 |
|a Sociolinguistics :
|b an introduction /
|c Peter Trudgill
|
| 260 |
|
|
|a Harmondsworth :
|b Penguin,
|c 1974
|
| 300 |
|
|
|a 189 p.;
|b ill., maps;
|c 19 cm
|
| 500 |
|
|
|a Includes index
|
| 504 |
|
|
|a Bibliography: p. 181-184
|
| 650 |
0 |
0 |
|a Sociolinguistics.
|
| 852 |
|
|
|a INST
|b CHIOS
|e 19960229
|h 401.9 TRU
|p 005200004895
|q 005200004895
|t BK
|y 0
|
| 909 |
|
|
|a Χ
|b 001455
|